| 000 | 01200nam a22003497a 4500 | ||
|---|---|---|---|
| 003 | CHAP | ||
| 005 | 20220817042614.0 | ||
| 008 | 971013s1968 r 00010 d | ||
| 010 | _a49604 | ||
| 011 | _a50576 | ||
| 035 | _a54726 | ||
| 040 | _cCHAP | ||
| 090 | _aFolleto 3540 | ||
| 100 | 0 | 0 |
_aRobles, Gonzalo. _998132 |
| 245 | _aInterrelaciones del sector agrícola y los sectores industrial y de servicios | ||
| 260 |
_a(s.l.) : _bReunión Nacional de Ciencia y Tecnología en la Reforma Agraria, _c1968 |
||
| 300 | _a62 h. | ||
| 490 | _aDocumento C-T-Ref./agr. I-3 | ||
| 590 |
_aBATCH-UPD _b10 _c20130110 _lUCH01 _h0613 |
||
| 590 |
_aBATCH-UPD _b10 _c20130410 _lUCH01 _h0255 |
||
| 590 |
_aBATCH-UPD _b10 _c20130914 _lUCH01 _h1150 |
||
| 590 |
_aCONVERSION _b10 _c20130109 _lUCH01 _h1327 |
||
| 650 | 1 | 4 |
_aAgricultura e industrializacion. _92001 |
| 650 | 1 | 4 |
_aAgricultura _xAspectos economicos _zMexico. _91312 |
| 650 | 1 | 4 | _aDesarrollo económico. |
| 700 | 0 |
_aPeña, Ernesto. _986856 |
|
| 830 | 0 |
_aDocumento C-T-Ref./agr. I-3 _933200 |
|
| 901 | _aBK | ||
| 942 | _cFOLL | ||
| 949 |
_aFolleto 3540 _bBC _cFOLL _d-120566 _eTS1 _i54726 _si |
||
| 949 |
_aFolleto 3540 _bBC _cFOLL _d-120568 _eTS2 _fc.2 _i54726 _si |
||
| 999 |
_c49604 _d49604 |
||